000
00300nam a2200133Ia 4500
005
20260328104259.0
008
260328s9999||||xx |||||||||||||| ||und||
100
_a
Kunst, Pablo
245
0
_a
Designio /
_c
Pablo Kunst
260
_b
Cormay
300
_a
83 p.
650
_a
DISEÑADORES
942
_c
BK
999
_c
10555
_d
10555